000 00335nam a22001457a 4500
008 210225b ||||| |||| 00| 0 eng d
020 _a9780495907428
041 _aeng
080 _29th
_a82
082 _a82
100 _a21
101 _aGJL
245 _aEvergreen a Guide to Writing with Readings
_cFawcett, S
942 _2udc
_cBK
999 _c55241
_d55241